00984nam a2200277 i 4500001000300000245012200003260005500125300005000180504003600230650002300266655001400289700002300303700002300326020002900349020002100378040000800399041000700407080001200414920003200426920002400458942000700482008004100489999001700530856009800547952006100645bg00aPoradnik chemika analityka.nT. 2,pAnaliza instrumentalna /c[aut. Irena Baranowska et al.] ; pod red. Jerzego Ciby. aWarszawa :bWydawnictwa Naukowo-Techniczne,c1992. a396 s., [1] k.tabl. luź. :bwykr. ;c24 cm. aBibliogr. przy rozdz. - Indeks. 9aChemia analityczna aPoradniki1 aCIBA, Jerzy.eRed.1 aBARANOWSKA, Irena. a8320410029 (całość) a8320410479 (t.2) cBPK0 apl a543(03) a83-204-1002-9 (całość) a83-204-1047-9 (t.2) cKS s pl f |000 0 pol  c30649d30649 uhttp://koha.tu.koszalin.pl/cgi-bin/koha/opac-detail.pl?biblionumber=30649yKatalog online BPK 00104070aBPKbBPKcwo37463p01066159s2017-03-23yKS